000 00520nam a2200181Ia 4500
999 _c29894
_d29894
003 OSt
005 20201125153042.0
008 190216s9999||||xx |||||||||||||| ||und||
020 _a9788130002941
040 _coclc
082 _a920
_bBAL/K
100 _aMarar, N E Balakrishna
_96730
245 0 _aKanneerinte Madhuryam /
_c N E Balakrishna Marar
260 _bPoorna Publication,
_c2005.
_a Kozhikode;
300 _a172p
650 _aAthmakadha
942 _cBK
_2ddc
_h920
_iMAR/K
_k920
_mMAR/K